000 00555nam a2200205Ia 4500
005 20250923144431.0
008 008 250917s9999 xx 000 0 eng d
037 _aTextual
040 _aDSWL
_beng
_cDSWL
041 _aeng
_2eng
084 _aX9W:8, J1
_qDSWL
100 _aGorwala, A.D
_9824844
245 0 _aReport on the efficient conduct of state enterprise
_cby A.D Gorwala
260 _c1951
300 _a35 p.
365 _aINR
_b2.11
925 _g2.11
942 _cTEXL
_hX9W:8, J1
999 _c1438835
_d1438835